000 00435nam a2200169 a 4500
001 0000-9302
003 ELIB.Books
008 110520 1991
035 _a(ELIB.Books)0000-9454
082 _a285.7
_bHub
100 _aHubbard, David Allan
245 _aWhat we Evangelicals Believe
260 _bPasadena: Fuller Seminary Press
_c1991
650 _aReligion
942 _2ddc
_cBK
998 _cbat
_e2011-05-20
999 _c9302
_d9302